| 000 | 00939cam a2200265 4500 | ||
|---|---|---|---|
| 001 | WB3740-04 | ||
| 008 | 011025n2001 000 0 eng u | ||
| 035 | _a(Sirsi) u115321 | ||
| 245 | _aUK construction bucks EU decline | ||
| 260 | _c2001 | ||
| 490 |
_aContract Journal _v411(6350) 24 October 2001, 4(1) |
||
| 520 | _aAccording to a report by the European statistical agency Eurostat, Britain was the best performing member state in the European Unions' construction sector. Figures reveal that work in the UK increased 2.7% in the second quarter of 2001, while work across the EU fell by 0.6%. | ||
| 590 | _aWB | ||
| 650 | _aSTATISTICS | ||
| 650 | _aCONSTRUCTION INDUSTRY | ||
| 650 | _aEUROPEAN UNION | ||
| 650 | _aDECLINE | ||
| 650 | _aPRODUCTIVITY | ||
| 650 | _aUNITED KINGDOM | ||
| 650 | _aSURVEYS | ||
| 650 | _aEUROSTAT | ||
| 650 | _aPERFORMANCE | ||
| 690 | _aBUILT ENVIRONMENT-CONSTRUCTION MARKET | ||
| 942 | _n0 | ||
| 999 |
_c68682 _d68682 |
||